01045 2200205 4500001002100000005001500021035002000036008004100056245007800097100002100175250000600196260003800202300001200240084001400252082000800266650001000274520053100284990001200815990001200827INLIS00000000000089020240604084700 a0010-0524000125240604 1 ind 1 aAnak - Anak Minyak Pangkalan Brandan Air Mata Terakhir /cImperial Jathee aJathee, Imperial a1 aYogyakarta :bSheila/ Andi,c2014 a428 hlm a813 IMP a a813 4aFiksi aKini kupegang jari-jari tangannya. Kurasakan begitu halus dengan kuku yang begitu berwarna putih. Kami berdua mulai bercerita tentang Brandan lagi, tentang pasirnya yang putih dan debur halus ombak yang biru dengan buihnya. Dulu, Julico bertanya tentang siapa penemu minyak bumi pertama kali di Brandan kepadaku. Aku tak bisa menjawab. Jawabnya yaitu Tuan Aeliko Janszoon Zijlker. Orang yang tak pernah kukenal, tapi menjadi kuketahui gara-gara Julico. Entah, seperti apa rupanya. Indonesia adalah nama bangsaku, bukan Hindia. a0741380 a0741381